Statystyki dla odmiana czasownika dire, dare, piacere

Kliknij tutaj aby rozwiązać quiz!

Ogólne statystyki

  • Ten quiz został rozwiązany 23 razy
  • Średni wynik to 15 z 21

Statystyki odpowiedzi

% Poprawnych
tudici
100%
noidiciamo
100%
Iodico
100%
lui, leidice
88%
Iodo
88%
lui,lei
75%
lorodicono
75%
voidite
75%
tłumaczenie:lubić
75%
noipiacciamo
75%
Iopiaccio
75%
lui, leipiace
75%
tupiaci
75%
tłumaczenie:powiedzieć, mówić
75%
tudai
63%
loropiacciono
63%
voipiacete
63%
tłumaczeniedać, dawać
50%
lorodanno
50%
voidate
50%
noidiamo
50%

Rozkład punktacji

Percentyl według liczby udzielonych odpowiedzi

Procent ludzi z każdym wynikiem

Twoja historia wyników

Nie rozwiązałeś tego quizu